The Tenancy Deposit Protection Scheme (TDP) (Record no. 78224)
[ view plain ]
| 000 -LEADER | |
|---|---|
| fixed length control field | 00797cab a2200217 4500 |
| 001 - CONTROL NUMBER | |
| control field | L136276 |
| 008 - FIXED-LENGTH DATA ELEMENTS--GENERAL INFORMATION | |
| fixed length control field | 070123n2007 000 0 eng u |
| 035 ## - SYSTEM CONTROL NUMBER | |
| System control number | (Sirsi) u136276 |
| 041 0# - LANGUAGE CODE | |
| Language code of text/sound track or separate title | eng |
| 100 1# - MAIN ENTRY--PERSONAL NAME | |
| Personal name | Thurlow, Alan |
| 245 04 - TITLE STATEMENT | |
| Title | The Tenancy Deposit Protection Scheme (TDP) |
| 260 ## - PUBLICATION, DISTRIBUTION, ETC. | |
| Date of publication, distribution, etc. | 2007 |
| 490 04 - SERIES STATEMENT | |
| Series statement | Letting Update Journal |
| Volume/sequential designation | 4(14) January 2007, 14-16(3) |
| 520 ## - SUMMARY, ETC. | |
| Summary, etc. | Discusses recent announcements by the DCLG, and the effect for landlords and agents when accepting tenancy deposits. |
| 590 ## - LOCAL NOTE (RLIN) | |
| Local note | KA NTK |
| 650 24 - SUBJECT ADDED ENTRY--TOPICAL TERM | |
| Topical term or geographic name entry element | ABOUT RICS-RICS PROFESSIONAL REGULATION AND CONSUMER PROTECTION-TENANCY DEPOSIT SCHEME |
| 650 24 - SUBJECT ADDED ENTRY--TOPICAL TERM | |
| Topical term or geographic name entry element | HOUSING ACT 2004 PART VI |
| 651 #4 - SUBJECT ADDED ENTRY--GEOGRAPHIC NAME | |
| Geographic name | England and Wales |
| Chronological subdivision | 1543- |
| 690 ## - LOCAL SUBJECT ADDED ENTRY--TOPICAL TERM (OCLC, RLIN) | |
| Topical term or geographic name as entry element | PROPERTY-RESIDENTIAL PROPERTY-RESIDENTIAL LANDLORD AND TENANT |
| 942 ## - ADDED ENTRY ELEMENTS (KOHA) | |
| Suppress in OPAC | 0 |
| Withdrawn status | Lost status | Source of classification or shelving scheme | Damaged status | Not for loan | Home library | Current library | Shelving location | Date acquired | Total Checkouts | Full call number | Barcode | Date last seen | Copy number | Price effective from | Koha item type |
|---|---|---|---|---|---|---|---|---|---|---|---|---|---|---|---|
| Dewey Decimal Classification | London | London | Journal article | 23/01/2007 | L136276 | 136276-1001 | 06/08/2019 | 1 | 06/08/2019 | Journal article |